000 00388nam a2200157Ia 4500
008 230711s9999||||xx |||||||||||||| ||und||
041 _aENG
082 _a621
_bMI-E
100 _aMithal,G.K
245 0 _aEngineering economics and management
250 _a1st Ed.
260 _c1993
_aNew Delhi
_bGK Publications
650 _aMechanical Engineering
700 _aMittal,R
942 _cBK
999 _c2219
_d2219